| 000 | 00558nam a2200169 i 4500 | ||
|---|---|---|---|
| 001 | 21958 | ||
| 003 | ES-MaACL | ||
| 005 | 20230906152600.0 | ||
| 007 | t| | ||
| 008 | 021128s1954 xxk ||||1| eng d | ||
| 100 | 1 |
_aAlexander, Peter. _919774 |
|
| 245 | 1 | 0 |
_aWool _b: its chemistry and physics / _cby Peter Alexander and Robert F. Hudson. |
| 260 |
_aLondon, etc : _bChapman and Hall, _c1954 ( _eBristol : _fJ.W. Arrowemith) |
||
| 300 |
_aVIII, 403 p., 7 lám : _bil. ; _c22 cm. |
||
| 700 | 1 |
_aHudson, Robert F. _964522 |
|
| 852 |
_aES-MaACL _jC-10980 _bR.39108 |
||
| 999 |
_c21958 _d21958 |
||